000 02196cam a22004214i 4500
003 PE-LiUPU
005 20250731184111.0
008 150706s r 000 0 d
020 _a9789978492482
035 _a(Sirsi) i9789978492482
040 _aPE-LiUPU
_bspa
_cPE-LiUPU
_erda
049 _aPRUA
082 0 4 _a892.4
_bA92j
_221
100 1 _aAvitov, Yaron,
_eautor.
245 1 0 _aJerusalén en los andes /
_cYaron Avitov y Julio Pazos.
264 1 _aQuito :
_bLibresa,
_c2007.
300 _a125 páginas ;
_c20 centímetros
336 _atext
_2rdacontent
337 _aunmediated
_2rdamedia
338 _avolume
_2rdacarrier
505 0 _aLa Ficción -- La flor de Ber Sheva -- Los herederos -- El corazón de la música -- Masada -- El soldado que escuchaba voces raras -- Una silla para Dios -- Tierra -- Las palomas de Patricia -- La niebla -- Mar muerto -- Dos viejas señoras -- El testimonio -- Bajo el nivel del mar -- ¿Por qué admiro a Israel? -- Un esbozo de la ciudad santa -- La aceituna y el capulí -- Plantad un árbol -- En el Israel la paz se vuelve una quimera más -- .
526 _aP145
526 _aP127
526 _aP97
526 _aP14
526 _aP07
650 0 4 _aLiteratura hebrea.
910 _agl
_bjv
_cng
_d20091102
942 _2ddc
_cBOOK
949 _a892.4 A92J
_wDEWEY
_c1
_i60814
_d2016-8-31
_e2016-8-28
_lCCODEBUL1
_mBUL
_n1
_p8.00
_r0
_sY
_tBOOK
_u2015-7-6
_xEDUCACION
_zUNKNOWN
_0COMPRA
_o.STAFF. Colección General
949 _a892.4 A92J
_wDEWEY
_c2
_i60627
_lCCODEBUL1
_mBUL
_p8.00
_r0
_sY
_tBOOK
_u2015-7-6
_xEDUCACION
_zUNKNOWN
_0COMPRA
_o.STAFF. Colección General
994 _aC0
_bPEPRU
596 _a1
999 _a892.4 A92J
_wDEWEY
_c50041
_i60814
_d50041
_e2016-8-28
_f2021-11-9
_g5
_lCCODEBUL1
_mBUL
_n1
_p8.00
_r0
_sY
_tBOOK
_u2015-7-6
_xEDUCACION
_zUNKNOWN
_0COMPRA
_o.STAFF. Colección General
999 _a892.4 A92J
_wDEWEY
_c2
_i60627
_d2018-3-14
_f2021-11-9
_g5
_lCCODEBUL1
_mBUL
_p8.00
_q1
_r0
_sY
_tBOOK
_u2015-7-6
_xEDUCACION
_zUNKNOWN
_0COMPRA
_o.STAFF. Colección General
980 _81
_gALBERTO SANCHEZ Responsable de Automatización